| 000 | 00555nam a2200181Ia 4500 | ||
|---|---|---|---|
| 003 | GCL | ||
| 008 | 140319s9999 xx 000 0 ara d | ||
| 040 |
_aGCL / _cGCL |
||
| 082 | 0 | 4 |
_a332 _bع د |
| 100 | 1 | _aعبدالكريم صادق بركات | |
| 245 | 1 | 0 |
_aدراسة فى الاقتصاد المالى / _cعبدالكريم صادق بركات |
| 260 |
_a[S.N] : _bمؤسسة شباب الجامعة ، _c1983 |
||
| 300 | _a532 | ||
| 490 | _a | ||
| 650 | 0 | 4 | _aمالية الدولة |
| 650 | 0 | 4 | _aالمالية العامة |
| 942 |
_2ddc _cBK |
||
| 999 |
_c48723 _d48723 |
||